ბათუმის შოთა რუსთაველის სახელმწიფო უნივერსიტეტის ბიბლიოთეკა

ბერძნული ცივილიზაცია : (ბიბ.ჩანაწერი № 53039)

000 -ლიდერი
ფიქსირებული სიგრძის საკონტროლო ველი 01403nam a2200241Ia 4500
001 - საკონტროლო ნომერი
საკონტროლო ველი 20075
003 - საკონტროლო ნომრის იდენტიფიკატორი
საკონტროლო ველი GE_BSU
005 - ბოლო ოპერაციის თარიღი და დრო
საკონტროლო ველი 20230705153047.0
008 - ფიქსირებული სიგრძის მონაცემთა ელემენტები - ზოგადი ინფორმაცია
ფიქსირებული სიგრძის საკონტროლო ველი 181216s1988ge xx |||||||||||||| ||geo||
040 ## - კატალოგიზაციის წყარო
Transcribing agency GE_BSU
041 ## - ენის კოდი
Language code of text/sound track or separate title geo
080 ## - უნივერსალური ათობითი კლასიფიკაციის ინდექსი
Universal Decimal Classification number 008(38) + 930.85 გ-70
100 ## - მთავარი ჩანაწერი - პიროვნების სახელი
Personal name გორდეზიანი, რ. (რისმაგ)
9 (RLIN) 19165
245 ## - ცნობა სათაურის შესახებ
Title ბერძნული ცივილიზაცია :
Remainder of title ნაკვ. 1: გმირთა ეპოქიდან არქაიკამდე /
Statement of responsibility, etc რისმაგ გორდეზიანი, რედ. ლ. თურმანიძე; მხატვ. ო. გორალევიჩი
264 ## - წარმოების, გამოცემის, დისტრიბუციის და სხვა ცნობები
გამოცემის, წარმოების, დისტრიბუციის... ადგილი თბილისი :
გამოცემის, წარმოების, დისტრიბუციის... სახელწოდება მერანი,
გამოცემის, წარმოების, დისტრიბუციის... თარიღი 1988.
300 ## - ფიზიკური აღწერა
Extent 318 გვ.:
Other physical details 22 სმ.
653 ## - INDEX TERM--UNCONTROLLED
Uncontrolled term ბერძნული ცივილიზაცია
653 ## - INDEX TERM--UNCONTROLLED
Uncontrolled term გმირთა ეპოქიდან არქაიკამდე
653 ## - INDEX TERM--UNCONTROLLED
Uncontrolled term ეგეოსური სამყარო; მიკენიდან ჰომეროსამდე; ასპარეზზე გამოდის პიროვნება - განუმეორებელი არქაიკა
700 ## - ADDED ENTRY--PERSONAL NAME
Personal name თურმანიძე, ლ
Relator term რედაქტორი
9 (RLIN) 19167
700 ## - ADDED ENTRY--PERSONAL NAME
Personal name გორალევიჩი, ო
Relator term მხატვარი
9 (RLIN) 4629
942 ## - ADDED ENTRY ELEMENTS (KOHA)
Koha item type წიგნი
Source of classification or shelving scheme
ეგზემპლარები
ჩამოწერის სტატუსი დაკარგული ეგზემპლარის სტატუსი კლასიფიკაციის წყარო ან თაროზე გაწყობის სქემა დაზიანების სტატუსი არ გაიცემა მუდმივი მდებარეობა (დაცვის ადგილი) ამჟამინდელი ადგილსამყოფელი თაროზე განთავსების ადგილი შეძენის თარიღი ღირებულება, შესყიდვის ნორმალური ფასი სრული შენახვის შიფრი შტრიხკოდი ბოლო ოპერაციის თარიღი ეგზემპლარის მიმდევრობითი ნომერი (კეტერი?) ფასის ძალაში შესვლის თარიღი ეგზემპლარის სახეობა საჯარო შენიშვნა Uniform Resource Identifier
          ბათუმის შოთა რუსთაველის სახელმწიფო უნივერსიტეტის მთავარი ბიბლიოთეკა ბათუმის შოთა რუსთაველის სახელმწიფო უნივერსიტეტის მთავარი ბიბლიოთეკა წიგნსაცავი 2018-12-17 18.00 008(38) + 930.85 გ-70 27894 2018-12-17 27894 2018-12-17 წიგნი 18.00  
          ბათუმის შოთა რუსთაველის სახელმწიფო უნივერსიტეტის მთავარი ბიბლიოთეკა ბათუმის შოთა რუსთაველის სახელმწიფო უნივერსიტეტის მთავარი ბიბლიოთეკა წიგნსაცავი 2023-07-05 10.00 008(38) + 930.85 გ-70 64894 2023-07-05 64894 2023-07-05 წიგნი 10.00 ბსუ-ს საპატიო დოქტორის გურამ ლორთქიფანიძის საჩუქარი